000 00558nam a2200217Ia 4500
003 OSt
005 20220924124210.0
006 a|||||r|||| 00| 0
007 ta
008 220923b |||||||| |||| 00| 0 tel d
024 _a330978
037 _cTextual
040 _aARTS
_cARTS
_btel
041 _2tel
_atel
082 _aO31,3x, 35M0
245 0 _aJayakanthan kathalu
260 _aNew Delhi
_b National Book Trust India
_c1980
650 _aTAMIL LITERATURE
942 _hO31,3x, 35M0
_cTEXL
_2CC
999 _c418772
_d418772